[Event "IECC KO email"]
[Site "IECC email"]
[Date "2003.03.12"]
[Round "?"]
[White "Van Gimst, Herman"]
[Black "Bari, Mohammad"]
[Result "0-1"]
[WhiteElo "1127"]
[BlackElo "1380"]
[PlyCount "74"]
[EventDate "2003.??.??"]
[EventType "tourn (corr)"]
[EventRounds "6"]
[SourceTitle "Corr 2008"]
[Source "ChessBase"]
[SourceDate "2008.06.24"]
[SourceVersion "1"]
[SourceVersionDate "2008.06.24"]
[SourceQuality "1"]

1. e4 c5 2. Nf3 d6 3. d4 cxd4 4. Nxd4 Nf6 5. Nc3 Nc6 6. Be2 Nxd4 7. Qxd4 e5 8. Qe3 Be7 9. 0-0 Be6 10. b3 0-0 11. Bb2 Qa5 12. a4 Rac8 13. Rac1 Rc6 14. Bb5 Rc5 15. f3 Rfc8 16. Ne2 Qb4 17. c4 Bd8 18. Bc3 Qxb3 19. Rb1 Rxb5 20. Rxb3 Bb6 21. Bd4 exd4 22. Nxd4 Bxd4 23. Qxd4 Rxb3 24. Qxd6 h6 25. c5 Nd7 26. Rc1 Rc6 27. Qe7 Kh7 28. f4 Re3 29. Rb1 Rxe4 30. g3 Nxc5 31. Qf8 Rxa4 32. Qe7 a5 33. Rc1 Ne4 34. Rxc6 bxc6 35. f5 Bxf5 36. Qxf7 Ra1+ 37. Kg2 Bh3+ 0-1

[Event "IECC KO email"]
[Site "IECC email"]
[Date "2002.10.20"]
[Round "?"]
[White "Theofel, Heiner"]
[Black "Bari, Mohammad"]
[Result "0-1"]
[WhiteElo "1366"]
[BlackElo "1357"]
[PlyCount "96"]
[EventDate "2002.??.??"]
[EventType "tourn (corr)"]
[EventRounds "6"]
[SourceTitle "Corr 2008"]
[Source "ChessBase"]
[SourceDate "2008.06.24"]
[SourceVersion "1"]
[SourceVersionDate "2008.06.24"]
[SourceQuality "1"]

1. e4 c5 2. Nf3 Nc6 3. Bc4 Nf6 4. Ng5 e6 5. Nc3 h6 6. Nf3 d5 7. exd5 exd5 8. Bb5 d4 9. Bxc6+ bxc6 10. Qe2+ Be7 11. Ne4 0-0 12. 0-0 Bg4 13. d3 Rb8 14. b3 Nd5 15. Bd2 Re8 16. h3 Be6 17. Ne5 Qc7 18. Nc4 f5 19. Ba5 Nb6 20. Ng3 Bxc4 21. bxc4 g6 22. Rae1 Kg7 23. Qf3 Bg5 24. Re2 Rxe2 25. Qxe2 h5 26. Bd2 Bxd2 27. Qxd2 h4 28. Ne2 Re8 29. Re1 Qe5 30. Kf1 Na4 31. Nf4 Qxe1+ 32. Qxe1 Rxe1+ 33. Kxe1 Kf6 34. g3 hxg3 35. fxg3 Nc3 36. a3 Nb1 37. a4 Nc3 38. a5 g5 39. Ne2 Nxe2 40. Kxe2 Ke6 41. Kf3 a6 42. h4 Kf6 43. h5 Kg7 44. g4 fxg4+ 45. Kg3 Kh7 46. Kxg4 Kh6 47. Kg3 Kxh5 48. Kh3 g4+ 0-1

[Event "IECC CL6-2002.05"]
[Site "IECC email"]
[Date "2002.02.10"]
[Round "?"]
[White "Pivirotto, Filiberto"]
[Black "Bari, Mohammad"]
[Result "0-1"]
[WhiteElo "1183"]
[BlackElo "1293"]
[PlyCount "54"]
[EventDate "2002.??.??"]
[EventType "tourn (corr)"]
[EventRounds "4"]
[SourceTitle "Corr 2008"]
[Source "ChessBase"]
[SourceDate "2008.06.24"]
[SourceVersion "1"]
[SourceVersionDate "2008.06.24"]
[SourceQuality "1"]

1. e4 c5 2. Nf3 Nc6 3. d4 cxd4 4. Nxd4 g6 5. Nc3 Bg7 6. Be3 Nf6 7. Be2 0-0 8. 0-0 d6 9. h3 Bd7 10. Qd2 Nxd4 11. Bxd4 Qa5 12. Bf3 Qb4 13. b3 e5 14. Be3 Rfc8 15. Nd5 Qxd2 16. Bxd2 Nxd5 17. Rac1 Nc3 18. Bxc3 Rxc3 19. Rfd1 Bxh3 20. Rxd6 Be6 21. Kf1 Bh6 22. Rcd1 Rxc2 23. Rd8+ Rxd8 24. Rxd8+ Kg7 25. a4 Bxb3 26. Rd7 Rc1+ 27. Ke2 Bc4+ 0-1